| 000 | 01751nam a2200301 i 4500 | ||
|---|---|---|---|
| 005 | 20250329165435.0 | ||
| 007 | ta | ||
| 008 | 190415s2020 000 0 eng d | ||
| 040 |
_aCO-CtgCURN _bspa _ccoctgcurn _erda |
||
| 082 | 0 |
_aENF 2020 _bJ614 |
|
| 100 | 1 |
_aJiménez Caicedo, Irene, _eauthor. _4aut |
|
| 245 | 1 | 0 |
_aActitudes y conocimientos del personal de enfermería sobre cuidados a pacientes terminales. Cartagena, 20 / _cIrene Jiménez Caicedo; Angie Rodriguez Arzuza; Ycel Martinez Vargas; Yesmin Guerrero Sierra; Directora Zorayda Barrios Puerta. |
| 260 |
_aCartagena de Indias : _bCorporación Universitaria Rafael Núñez, _c2020. |
||
| 300 | _a150 hojas. | ||
| 336 |
_atext _btxt _2rdacontent |
||
| 337 |
_aunmediated _bn _2rdamedia |
||
| 338 |
_avolume _bnc _2rdacarrier |
||
| 504 | _aTrabajo de grado (Enfermera). Corporación Universitaria Rafael Nuñez. Facultad de Ciencias de la Salud. Programa de Enfermería, 2020. | ||
| 520 | _a"Cuando la primera infancia recibe cuidados inadecuados, puede experimentar efectos dañinos a largo plazo, en ellos, sus familias y comunidades. En este sentido las creencias y las prácticas culturales de las madres son esenciales, sobre todo cuando se trata de adolescentes." | ||
| 650 | 0 |
_aEnfermería _vTesis y disertaciones academicas. |
|
| 700 | 1 | _aRodriguez Arzuza, Angie. | |
| 700 | 1 | _aMartinez Vargas, Ycel. | |
| 700 | 1 | _aGuerrero Sierra, Yesmin. | |
| 700 | 1 |
_aBarrios Puerta, Zorayda, _edirectora. |
|
| 856 |
_uhttps://unicurn.sharepoint.com/:b:/s/biblioteca/ETDtO9QHAhdOtsts1kk2F_gBI7vDaMVMD3IwftyIN-V5ww?e=gK4Dy2 _zClick aqui para ver el recurso en texto completo |
||
| 942 |
_2ddc _cTG _hTSO 2020 _iJ614 |
||
| 999 |
_c4050 _d4050 |
||